Responses for Show #6114 - Thursday, March 24, 2011

Contestants

[<< previous game]

Connie McClung, a human resources and finance manager from Atlanta, Georgia

Michael Brown, a graduate student from Rochester, New York

Megan Barnes, a stay-at-home mother from Baltimore, Maryland (whose 2-day cash winnings total $70,002)

[next game >>]

Jeopardy! Round responses

A FAIR TO REMEMBER
THE GENTLE ART OF RUGBY
RUSSIAN FOOD & DRINK
WHAT THE HECK IS THAT CRITTER?
THE MANSION FAMILY
DOUBLE LETTER, DOUBLE MEANING
    $200 11
the signing of the Declaration of Independence

Megan
    $200 24
grounding

Triple Stumper
    $200 3
Stolichnaya

Megan
    $200 16
a cow

Connie
    $200 21
the Kennedys

Connie
    $200 1
flood

Megan
    $400 12
Columbus

Megan
    $400 25
a scrum

Michael
    $400 4
borscht

Connie
    $400 17
a chicken

Connie
    $400 22
DuPont

Connie
    $400 2
press

Michael
    $600 13
(Michael: What is 1968?)
(Connie: What is 1961?)

1964

MichaelConnie
Triple Stumper
    $600 26
(Michael: What is 6?)

3

MeganMichael
    $600 5
(Connie: What are pancakes?)
(Alex: Be more specific.)

potato pancakes

Connie
    $600 18
(Connie: What is a stallion or [*]?)

a horse

Connie
    $600 23
the Rothschilds

Michael
    $600 7
shallow

Connie
    $1,800 14
San Francisco

Megan
    $800 27
the fullback

Triple Stumper
    $800 6
the salmon

Triple Stumper
    $800 19
a gazelle

Triple Stumper
    $800 29
(Alex: Notice how we spelled "bilt"--"B-I-L-T" for the [*]s.)

Vanderbilt

Triple Stumper
    $800 8
stagger

Megan
    $1000 15
Hyde Park

Connie
    $1000 28
(Michael: What are the Andes?)

Pumas

Michael
Triple Stumper
    $1000 10
apple

Connie
    $1000 20
a pig

Megan
    $1000 30
the Krupps

Michael
    $1000 9
turret

Connie

Scores at the first commercial break (after clue 14):

Megan Michael Connie
$3,600 -$200 $3,000

Scores at the end of the Jeopardy! Round:

Megan Michael Connie
$5,200 $200 $5,800

Double Jeopardy! Round responses

GEOGRAPHIC TERMS
THE YUCKS STOP HERE
ALL GODS' CHILDREN
MAN UP
DANCE WITH ME!
I'M GONNA "SIT"
    $400 1
a waterfall

Connie
    $400 2
George Burns

Megan
    $400 25
(Connie: Who is, um...[time expired sound] Neptune?)
(Michael: Who is Neptune?)

Poseidon

MeganMichaelConnie
    $400 20
(Alex: And that was [*], our first man into space.)

Alan Shepard

Triple Stumper
    $400 12
salsa

Michael
    $400 7
a sitcom

Connie
    $800 13
an oasis

Connie
    $800 3
Minnie Pearl

Connie
    $800 26
(Michael: Who is Aphrodite?)

Eros

MeganMichael
    $800 22
(Michael) Collins

Megan
    $800 14
twist

Michael
    $800 8
a sit-in

Connie
    $1200 15
(Megan: What is the International Date Line?)
(Michael: What is the Tropic of Capricorn?)

the Antarctic Circle

MeganMichael
Triple Stumper
    $1200 4
Peter Sellers

Connie
    $4,000 27
the muses

Megan
    $1200 23
(James) Lovell

Connie
    $1200 16
polka

Michael
    $1200 9
a Sit 'n Spin

Megan
    $1600 19
tributary

Connie
    $1600 5
Graham Chapman

Megan
    $1600 28
Atlas

Megan
    $1,600 24
(Connie: Who is Neil Armstrong?)
(Alex: Oh, you picked the wrong one.)

Buzz Aldrin

Connie
    $1600 17
(Megan: What is tango?)

foxtrot

MeganConnie
    $1600 10
Sitka

Michael
    $2000 21
a mesa

Megan
    $2000 6
Lenny Bruce

Connie
    $2000 29
Angus

Connie
    $2000 30
Alan Bean

Triple Stumper
    $2000 18
limbo

Megan
    $2000 11
Sitwell

Megan

Scores at the end of the Double Jeopardy! Round:

Megan Michael Connie
$19,200 $1,800 $16,600

[wagering suggestions for these scores]

Final Jeopardy! Round responses

19th CENTURY LITERATURE
(Alex: [*], A Connecticut Yankee in King Arthur's Court.)
MichaelWho is Twain
$1,798
ConnieWho is Mark Twain?
$12,999
MeganWho was Mark Twain
$14,001
Mark Twain

Final scores:

Megan Michael Connie
$33,201 $3,598 $29,599
3-day champion: $103,203 3rd place: $1,000 2nd place: $2,000

Game dynamics:

Coryat scores:

Megan Michael Connie
$15,400 $1,800 $18,200
19 R
(including 2 DDs),
2 W
8 R,
6 W
22 R,
3 W
(including 1 DD)

Combined Coryat: $35,400

[game clues] [game scores] [suggest correction]

Game tape date: 2010-11-17
The J! Archive is created by fans, for fans. Scraping, republication, monetization, and malicious use prohibited; this site may use cookies and collect identifying information. See terms. The Jeopardy! game show and all elements thereof, including but not limited to copyright and trademark thereto, are the property of Jeopardy Productions, Inc. and are protected under law. This website is not affiliated with, sponsored by, or operated by Jeopardy Productions, Inc. Join the discussion at JBoard.tv.